h1

h2

h3

h4

h5
h6
001007172 001__ 1007172
001007172 005__ 20251001151252.0
001007172 0247_ $$2HSB$$aeva566097
001007172 0247_ $$2ISSN$$a0028-3878
001007172 0247_ $$2ISSN$$a1526-632X
001007172 0247_ $$2SCOPUS$$aSCOPUS:2-s2.0-85190869452
001007172 0247_ $$2WOS$$aWOS:001358206400041
001007172 0247_ $$2doi$$a10.1212/WNL.0000000000209271
001007172 0247_ $$2pmid$$apmid:38630966
001007172 037__ $$aRWTH-CONV-253526
001007172 041__ $$aEnglish
001007172 1001_ $$aDoppler, Christopher E. J.$$b0
001007172 245__ $$aGlutamate Signaling in Patients With Parkinson Disease With REM Sleep Behavior Disorder$$honline, print
001007172 260__ $$c2024
001007172 3367_ $$00$$2EndNote$$aJournal Article
001007172 3367_ $$0PUB:(DE-HGF)16$$2PUB:(DE-HGF)$$aJournal Article$$bjournal$$mjournal
001007172 3367_ $$2BibTeX$$aARTICLE
001007172 3367_ $$2DRIVER$$aarticle
001007172 3367_ $$2DataCite$$aOutput Types/Journal article
001007172 3367_ $$2ORCID$$aJOURNAL_ARTICLE
001007172 591__ $$aGermany
001007172 591__ $$aRep of Georgia
001007172 7001_ $$aSeger, Aline$$b1
001007172 7001_ $$aFarrher, Ezequiel$$b2
001007172 7001_ $$aRégio Brambilla, Cláudia$$b3
001007172 7001_ $$aHensel, Lukas$$b4
001007172 7001_ $$0P:(DE-82)087635$$aFilß, Christian$$b5$$urwth
001007172 7001_ $$aHellmich, Martin$$b6
001007172 7001_ $$aGogishvili, Ana$$b7
001007172 7001_ $$0P:(DE-82)IDM02632$$aShah, Nadim Joni$$b8$$urwth
001007172 7001_ $$aLerche, Christoph W.$$b9
001007172 7001_ $$aNeumaier, Bernd$$b10
001007172 7001_ $$0P:(DE-82)013919$$aLangen, Karl-Josef$$b11$$urwth
001007172 7001_ $$aFink, Gereon R.$$b12
001007172 7001_ $$aSommerauer, Michael$$b13$$eCorresponding author
001007172 773__ $$0PERI:(DE-600)1491874-2$$a10.1212/WNL.0000000000209271$$n9$$tNeurology : official journal of the American Academy of Neurology$$v102$$x1526-632X
001007172 909CO $$ooai:publications.rwth-aachen.de:1007172$$pVDB
001007172 9101_ $$0I:(DE-588b)36225-6$$6P:(DE-82)087635$$aRWTH Aachen$$b5$$kRWTH
001007172 9101_ $$0I:(DE-588b)36225-6$$6P:(DE-82)IDM02632$$aRWTH Aachen$$b8$$kRWTH
001007172 9101_ $$0I:(DE-588b)36225-6$$6P:(DE-82)013919$$aRWTH Aachen$$b11$$kRWTH
001007172 9141_ $$y2024
001007172 9151_ $$0StatID:(DE-HGF)0031$$2StatID$$aPeer reviewed article$$x0
001007172 915__ $$0StatID:(DE-HGF)0100$$2StatID$$aJCR$$bNEUROLOGY : 2022$$d2025-01-02
001007172 915__ $$0StatID:(DE-HGF)0113$$2StatID$$aWoS$$bScience Citation Index Expanded$$d2025-01-02
001007172 915__ $$0StatID:(DE-HGF)0150$$2StatID$$aDBCoverage$$bWeb of Science Core Collection$$d2025-01-02
001007172 915__ $$0StatID:(DE-HGF)0160$$2StatID$$aDBCoverage$$bEssential Science Indicators$$d2025-01-02
001007172 915__ $$0StatID:(DE-HGF)0199$$2StatID$$aDBCoverage$$bClarivate Analytics Master Journal List$$d2025-01-02
001007172 915__ $$0StatID:(DE-HGF)0200$$2StatID$$aDBCoverage$$bSCOPUS$$d2025-01-02
001007172 915__ $$0StatID:(DE-HGF)0300$$2StatID$$aDBCoverage$$bMedline$$d2025-01-02
001007172 915__ $$0StatID:(DE-HGF)0410$$2StatID$$aAllianz-Lizenz$$d2025-01-02$$wger
001007172 915__ $$0StatID:(DE-HGF)1030$$2StatID$$aDBCoverage$$bCurrent Contents - Life Sciences$$d2025-01-02
001007172 915__ $$0StatID:(DE-HGF)1050$$2StatID$$aDBCoverage$$bBIOSIS Previews$$d2025-01-02
001007172 915__ $$0StatID:(DE-HGF)1110$$2StatID$$aDBCoverage$$bCurrent Contents - Clinical Medicine$$d2025-01-02
001007172 915__ $$0StatID:(DE-HGF)1190$$2StatID$$aDBCoverage$$bBiological Abstracts$$d2025-01-02
001007172 915__ $$0StatID:(DE-HGF)9905$$2StatID$$aIF >= 5$$bNEUROLOGY : 2022$$d2025-01-02
001007172 9201_ $$0I:(DE-82)535000-2_20140620$$k535000-2$$lKlinik und Lehrstuhl für Neurologie$$x0
001007172 9201_ $$0I:(DE-82)535000-5_20140620$$k535000-5$$lLehr- und Forschungsgebiet Physik der Magnetresonanztomographie in den Neurowissenschaften (FZ Jülich)$$x1
001007172 9201_ $$0I:(DE-82)532500-2_20140620$$k532500-2$$lKlinik und Lehrstuhl für Nuklearmedizin$$x2
001007172 9201_ $$0I:(DE-82)532500-3_20140620$$k532500-3$$lLehr- und Forschungsgebiet Experimentelle und klinische Nuklearmedizin (FZ Jülich)$$x3
001007172 9201_ $$0I:(DE-82)080010_20140620$$k080010$$lJARA-BRAIN$$x4
001007172 9201_ $$0I:(DE-82)080056_20210623$$k080056$$lJARA-Institut Molecular Neuroscience und Neuroimaging$$x5
001007172 961__ $$z2025-03-20
001007172 970__ $$aeva566097
001007172 980__ $$aI:(DE-82)080010_20140620
001007172 980__ $$aI:(DE-82)080056_20210623
001007172 980__ $$aI:(DE-82)532500-2_20140620
001007172 980__ $$aI:(DE-82)532500-3_20140620
001007172 980__ $$aI:(DE-82)535000-2_20140620
001007172 980__ $$aI:(DE-82)535000-5_20140620
001007172 980__ $$aUNRESTRICTED
001007172 980__ $$aVDB
001007172 980__ $$ajournal